[Event "Basel op"]
[Site "Basel"]
[Date "2017.01.08"]
[Round "9"]
[White "Schmitz, Thorsten"]
[Black "Graeber, Fabien"]
[Result "1/2-1/2"]
[WhiteElo "2314"]
[BlackElo "2073"]
[PlyCount "101"]
[EventDate "2017.01.02"]
[EventType "swiss"]
[EventRounds "9"]
[EventCountry "SUI"]
[SourceTitle "EXT 2018"]
[Source "ChessBase"]
[SourceDate "2017.10.13"]
[SourceVersion "1"]
[SourceVersionDate "2017.10.13"]
[SourceQuality "1"]

1. c4 c5 2. g3 Nc6 3. Bg2 g6 4. Nc3 Bg7 5. d3 e5 6. Nf3 Nge7 7. 0-0 0-0 8. Bg5 h6 9. Bxe7 Nxe7 10. Ne1 d6 11. Rb1 a5 12. Nc2 Rb8 13. a3 Be6 14. Ne3 f5 15. Ned5 f4 16. Nxe7+ Qxe7 17. Bd5 g5 18. b4 axb4 19. axb4 b6 20. Qa4 Bxd5 21. Nxd5 Qe6 22. bxc5 bxc5 23. Qa7 Rxb1 24. Rxb1 e4 25. Qe7 Qxe7 26. Nxe7+ Kf7 27. Rb7 Ke6 28. Nd5 exd3 29. exd3 Bd4 30. g4 Rf7 31. Rxf7 Kxf7 32. Kg2 Be5 33. Kf3 Ke6 34. Ke4 Bd4 35. f3 Bf2 36. Nc7+ Kd7 37. Nb5 Ke6 38. d4 cxd4 39. Nxd4+ Bxd4 40. Kxd4 Ke7 41. Kd5 Kd7 42. c5 dxc5 43. Kxc5 Ke6 44. Kd4 Kd6 45. Ke4 Ke6 46. h3 Kf6 47. Kd5 Kf7 48. Kd6 Kf6 49. Kd5 Kf7 50. Kd4 Kf6 51. Kd5 1/2-1/2

[Event "Basel op"]
[Site "Basel"]
[Date "2017.01.07"]
[Round "8"]
[White "Graeber, Fabien"]
[Black "Heinemann, Josefine"]
[Result "1/2-1/2"]
[WhiteElo "2073"]
[BlackElo "2227"]
[PlyCount "88"]
[EventDate "2017.01.02"]
[EventType "swiss"]
[EventRounds "9"]
[EventCountry "SUI"]
[SourceTitle "CBM 176 Extra"]
[Source "ChessBase"]
[SourceDate "2017.03.02"]
[SourceVersion "1"]
[SourceVersionDate "2017.03.02"]
[SourceQuality "1"]

1. d4 Nf6 2. c4 g6 3. Nc3 d5 4. cxd5 Nxd5 5. e4 Nxc3 6. bxc3 Bg7 7. Nf3 c5 8. Be3 Qa5 9. Qd2 Nc6 10. Rb1 a6 11. Rc1 f5 12. Bd3 cxd4 13. cxd4 Qxd2+ 14. Kxd2 0-0 15. d5 Nb4 16. Bc4 Kh8 17. a3 fxe4 18. Ng5 Nd3 19. Rb1 b5 20. Ba2 Bf5 21. d6 Ne5 22. dxe7 Rfe8 23. Bc5 Bh6 24. h4 Rac8 25. Rbc1 Kg7 26. Bd6 Nc4+ 27. Bxc4 bxc4 28. Ke3 Kg8 29. Kf4 e3 30. fxe3 Bd3 31. e4 Bg7 32. e5 h6 33. Ne6 Kf7 34. Nc5 g5+ 35. hxg5 hxg5+ 36. Kxg5 Bxe5 37. Bxe5 Rxc5 38. Kf4 Rxe7 39. Rhe1 Re6 40. g4 c3 41. Bd4 Rxe1 42. Rxe1 Rc4 43. Ke3 c2 44. Bb2 Re4+ 1/2-1/2

[Event "Basel op"]
[Site "Basel"]
[Date "2017.01.05"]
[Round "5"]
[White "Srienz, Christian"]
[Black "Graeber, Fabien"]
[Result "1/2-1/2"]
[WhiteElo "2223"]
[BlackElo "2073"]
[PlyCount "41"]
[EventDate "2017.01.02"]
[EventType "swiss"]
[EventRounds "9"]
[EventCountry "SUI"]
[SourceTitle "CBM 176 Extra"]
[Source "ChessBase"]
[SourceDate "2017.03.02"]
[SourceVersion "1"]
[SourceVersionDate "2017.03.02"]
[SourceQuality "1"]

1. c4 c5 2. Nf3 Nc6 3. Nc3 e5 4. e3 Nf6 5. a3 d5 6. cxd5 Nxd5 7. Bb5 Nxc3 8. dxc3 Qxd1+ 9. Kxd1 Bd7 10. e4 f6 11. Be3 Rc8 12. Nd2 Be6 13. a4 Be7 14. a5 Kf7 15. a6 b6 16. f3 Rhd8 17. Ke2 Na5 18. c4 g6 19. Ra3 Nc6 20. Bxc6 Rxc6 21. Rc1 1/2-1/2

[Event "Basel op"]
[Site "Basel"]
[Date "2017.01.02"]
[Round "1"]
[White "Faibisovich, Vadim Z"]
[Black "Graeber, Fabien"]
[Result "1-0"]
[WhiteElo "2320"]
[BlackElo "2073"]
[PlyCount "79"]
[EventDate "2017.01.02"]
[EventType "swiss"]
[EventRounds "9"]
[EventCountry "SUI"]
[SourceTitle "CBM 176 Extra"]
[Source "ChessBase"]
[SourceDate "2017.03.02"]
[SourceVersion "1"]
[SourceVersionDate "2017.03.02"]
[SourceQuality "1"]

1. d4 d5 2. Nf3 Nf6 3. g3 c6 4. Bg2 e6 5. 0-0 Be7 6. Nbd2 0-0 7. c4 dxc4 8. Nxc4 b5 9. Nce5 Bb7 10. Qc2 Qb6 11. Bg5 Rc8 12. Nd3 Nbd7 13. b4 Qd8 14. Nc5 Nxc5 15. dxc5 Nd5 16. Bd2 Bf6 17. Rad1 Qe8 18. e4 Nc7 19. Bc3 Be7 20. Be5 a5 21. a3 Na6 22. Qc3 f6 23. Bd6 e5 24. Nh4 Bxd6 25. Rxd6 Rd8 26. Nf5 Bc8 27. Qb3+ Kf8 28. Rxd8 Qxd8 29. Rd1 Qe8 30. Rd6 axb4 31. axb4 Nc7 32. h4 Be6 33. Qd1 g6 34. Ne3 Ke7 35. f4 Ra4 36. f5 Bc4 37. Ng4 gxf5 38. Nxf6 Qa8 39. Rd7+ Kxf6 40. Qd6+ 1-0

[Event "Basel op"]
[Site "Basel"]
[Date "2015.01.04"]
[Round "5"]
[White "Goettelmann, Guillaume"]
[Black "Graeber, Fabien"]
[Result "1-0"]
[WhiteElo "2097"]
[BlackElo "2090"]
[PlyCount "139"]
[EventDate "2015.01.01"]
[EventType "swiss"]
[EventRounds "7"]
[EventCountry "SUI"]
[SourceTitle "CBM 164 Extra"]
[Source "ChessBase"]
[SourceDate "2015.03.02"]
[SourceVersion "1"]
[SourceVersionDate "2015.03.02"]
[SourceQuality "1"]

1. d4 d5 2. c4 c6 3. Nf3 Nf6 4. Nc3 e6 5. Bg5 dxc4 6. e4 b5 7. e5 h6 8. Bh4 g5 9. Nxg5 hxg5 10. Bxg5 Nbd7 11. exf6 Bb7 12. g3 c5 13. d5 Qb6 14. Bg2 0-0-0 15. 0-0 b4 16. Rb1 Qa6 17. dxe6 Bxg2 18. e7 Bxf1 19. Kxf1 Qe6 20. Nb5 Qh3+ 21. Ke1 Qe6+ 22. Kf1 Qh3+ 23. Ke1 Qe6+ 24. Qe2 Ne5 25. Nxa7+ Kc7 26. Nb5+ Kd7 27. exd8Q+ Kxd8 28. Rd1+ Nd3+ 29. Rxd3+ cxd3 30. Qxe6 fxe6 31. h4 Kd7 32. Kd2 Kc6 33. a4 c4 34. b3 Bc5 35. bxc4 Bxf2 36. Bf4 Bc5 37. Kxd3 Kd7 38. Kc2 Ke8 39. Nc7+ Kf7 40. Na6 Bf8 41. Kb3 Kxf6 42. Nxb4 Kf5 43. Nc6 Bg7 44. a5 e5 45. Be3 Bh6 46. Bb6 e4 47. a6 e3 48. a7 Ra8 49. Kc2 Ke4 50. Nd4 Bg7 51. Ne6 Be5 52. Ng5+ Kf5 53. Bxe3 Bxg3 54. Bb6 Bxh4 55. Nf3 Bg3 56. Kb3 Ke4 57. Nd2+ Kd3 58. Nb1 Be5 59. Na3 Bd4 60. c5 Be5 61. Kb4 Kd4 62. Kb5 Kd5 63. Ka6 Kc6 64. Nc4 Bc3 65. Nd6 Be5 66. Nb7 Bb8 67. Na5+ Kd7 68. Kb7 Rxa7+ 69. Bxa7 Bxa7 70. c6+ 1-0

[Event "Basel op"]
[Site "Basel"]
[Date "2015.01.01"]
[Round "1"]
[White "Toth, Bela"]
[Black "Graeber, Fabien"]
[Result "1-0"]
[WhiteElo "2348"]
[BlackElo "2090"]
[PlyCount "59"]
[EventDate "2015.01.01"]
[EventType "swiss"]
[EventRounds "7"]
[EventCountry "SUI"]
[SourceTitle "CBM 164 Extra"]
[Source "ChessBase"]
[SourceDate "2015.03.02"]
[SourceVersion "1"]
[SourceVersionDate "2015.03.02"]
[SourceQuality "1"]

1. d4 d5 2. c4 c6 3. Nf3 Nf6 4. Nc3 dxc4 5. a4 Bf5 6. e3 e6 7. Bxc4 Bb4 8. 0-0 0-0 9. Qe2 Bg4 10. h3 Bxf3 11. Qxf3 Nbd7 12. Rd1 Qa5 13. Bd2 Rad8 14. Qe2 Rfe8 15. Bb3 Nb6 16. Be1 Qh5 17. Qxh5 Nxh5 18. a5 Nd7 19. a6 Bxc3 20. Bxc3 b6 21. Rdc1 Nhf6 22. Ba4 Rc8 23. Bb4 Nb8 24. Bd6 Nfd7 25. Rc3 Red8 26. Rac1 c5 27. dxc5 Nxc5 28. Be7 Rd2 29. b4 Rc7 30. bxc5 1-0

[Event "Metz op 31th"]
[Site "Metz"]
[Date "2013.04.23"]
[Round "6"]
[White "Sailer, Douglas"]
[Black "Graeber, Fabien"]
[Result "0-1"]
[WhiteElo "2129"]
[BlackElo "2076"]
[PlyCount "47"]
[EventDate "2013.04.20"]
[EventType "swiss"]
[EventRounds "9"]
[EventCountry "FRA"]
[SourceTitle "EXT 2016"]
[Source "ChessBase"]
[SourceDate "2015.10.08"]
[SourceVersion "1"]
[SourceVersionDate "2015.10.08"]
[SourceQuality "1"]

1. d4 d5 2. Nf3 Nf6 3. c4 c6 4. Nc3 dxc4 5. a4 Bf5 6. e3 e6 7. Bxc4 Bb4 8. 0-0 0-0 9. Qe2 Bg4 10. h3 Bxf3 11. Qxf3 Nbd7 12. Rd1 Qa5 13. Qe2 Nb6 14. Bd3 e5 15. dxe5 Qxe5 16. e4 Rfe8 17. f4 Qe7 18. e5 Bxc3 19. bxc3 Nfd5 20. Qf3 Qc5+ 21. Kh2 g6 22. a5 Nc4 23. Re1 Rad8 24. Re4 0-1

[Event "Metz op 31th"]
[Site "Metz"]
[Date "2013.04.21"]
[Round "2"]
[White "Graeber, Fabien"]
[Black "Pucher, Sebastien"]
[Result "1-0"]
[WhiteElo "2076"]
[BlackElo "2233"]
[PlyCount "69"]
[EventDate "2013.04.20"]
[EventType "swiss"]
[EventRounds "9"]
[EventCountry "FRA"]
[SourceTitle "EXT 2016"]
[Source "ChessBase"]
[SourceDate "2015.10.08"]
[SourceVersion "1"]
[SourceVersionDate "2015.10.08"]
[SourceQuality "1"]

1. Nf3 c5 2. c4 Nf6 3. d4 cxd4 4. Nxd4 e5 5. Nb5 d5 6. cxd5 Bc5 7. e3 0-0 8. Be2 Nxd5 9. 0-0 Nc6 10. N1c3 Be6 11. Nxd5 Bxd5 12. Qc2 Qe7 13. Nc7 Bxg2 14. Kxg2 Nb4 15. Qe4 Qxc7 16. a3 Nc6 17. b4 Bd6 18. Bb2 Rad8 19. Rac1 Qe7 20. Kh1 f5 21. Qc4+ Kh8 22. Rg1 Nb8 23. Rg2 Nd7 24. Rcg1 g6 25. f4 Nf6 26. Bf3 exf4 27. exf4 Qe3 28. Bxb7 Qxf4 29. Qe6 Kg7 30. Rd1 Bc5 31. Qe2 Bd4 32. Qe7+ Kh8 33. Bxd4 Kg8 34. Rgd2 Rde8 35. Bd5+ 1-0

[Event "Metz op 31th"]
[Site "Metz"]
[Date "2013.04.21"]
[Round "3"]
[White "Nguyen, Chi Minh"]
[Black "Graeber, Fabien"]
[Result "1/2-1/2"]
[WhiteElo "2372"]
[BlackElo "2076"]
[PlyCount "75"]
[EventDate "2013.04.20"]
[EventType "swiss"]
[EventRounds "9"]
[EventCountry "FRA"]
[SourceTitle "EXT 2016"]
[Source "ChessBase"]
[SourceDate "2015.10.08"]
[SourceVersion "1"]
[SourceVersionDate "2015.10.08"]
[SourceQuality "1"]

1. d4 d5 2. c4 c6 3. Nc3 Nf6 4. Nf3 dxc4 5. a4 Bf5 6. Ne5 Na6 7. f3 Nd7 8. Nxd7 Bxd7 9. e4 e5 10. Bxc4 exd4 11. Qxd4 Nb4 12. Ke2 Nc2 13. Qe5+ Qe7 14. Qxe7+ Bxe7 15. Rb1 Be6 16. Bxe6 fxe6 17. Kd3 Nb4+ 18. Kc4 0-0-0 19. Be3 b6 20. Rhd1 Rxd1 21. Rxd1 Rd8 22. Rxd8+ Kxd8 23. Ne2 Kd7 24. Bd2 Na6 25. b4 Nc7 26. Nd4 e5 27. Nf5 b5+ 28. axb5 cxb5+ 29. Kb3 g6 30. Nh6 Ke6 31. Bc3 Bd6 32. Ng4 Ne8 33. Nf2 Nf6 34. Bd2 Nd7 35. g4 Nb8 36. g5 Nc6 37. Bc3 Nd4+ 38. Bxd4 1/2-1/2

[Event "Metz op 31th"]
[Site "Metz"]
[Date "2013.04.20"]
[Round "1"]
[White "Vishnu, Prasanna V"]
[Black "Graeber, Fabien"]
[Result "1-0"]
[WhiteElo "2470"]
[BlackElo "2076"]
[PlyCount "51"]
[EventDate "2013.04.20"]
[EventType "swiss"]
[EventRounds "9"]
[EventCountry "FRA"]
[SourceTitle "EXT 2016"]
[Source "ChessBase"]
[SourceDate "2015.10.08"]
[SourceVersion "1"]
[SourceVersionDate "2015.10.08"]
[SourceQuality "1"]

1. e4 e6 2. d4 d5 3. Nc3 Nf6 4. Bg5 Bb4 5. e5 h6 6. Bd2 Bxc3 7. bxc3 Ne4 8. Qg4 Kf8 9. Bc1 c5 10. Bd3 Nc6 11. Ne2 cxd4 12. cxd4 Qa5+ 13. Kf1 Bd7 14. h4 Rc8 15. Rh3 h5 16. Qf4 Nb4 17. Bxe4 dxe4 18. Ba3 Kg8 19. Bxb4 Qxb4 20. Rb3 Qa4 21. Rxb7 Rh6 22. Rab1 f5 23. Qg5 Re8 24. Rc7 Qxa2 25. Nc3 Qxc2 26. Rxd7 1-0

[Event "Basel Hilton op 15th"]
[Site "Basel"]
[Date "2013.01.04"]
[Round "6"]
[White "Eidinger, Helmut"]
[Black "Graeber, Fabien"]
[Result "1-0"]
[WhiteElo "2137"]
[BlackElo "2071"]
[PlyCount "53"]
[EventDate "2013.01.01"]
[EventType "swiss"]
[EventRounds "7"]
[EventCountry "SUI"]
[SourceTitle "CBM 152 Extra"]
[Source "ChessBase"]
[SourceDate "2013.02.25"]
[SourceVersion "1"]
[SourceVersionDate "2013.02.25"]
[SourceQuality "1"]

1. e4 e6 2. d4 d5 3. e5 c5 4. c3 Nc6 5. Nf3 Qb6 6. Be2 cxd4 7. cxd4 Nh6 8. Nc3 Nf5 9. Na4 Qa5+ 10. Bd2 Bb4 11. Bc3 Bd7 12. a3 Bxc3+ 13. Nxc3 0-0 14. g4 Nfe7 15. Qd2 f6 16. 0-0 Ng6 17. b4 Qc7 18. b5 Na5 19. Rad1 fxe5 20. dxe5 Rac8 21. Nxd5 Qc5 22. Ne3 Bxb5 23. Rc1 Qb6 24. Rxc8 Rxc8 25. Rb1 a6 26. a4 Rd8 27. Qa2 1-0

[Event "Basel Hilton op 14th"]
[Site "Basel"]
[Date "2012.01.05"]
[Round "7"]
[White "Graeber, Fabien"]
[Black "Heinis, Vincent"]
[Result "1/2-1/2"]
[WhiteElo "2074"]
[BlackElo "2146"]
[PlyCount "100"]
[EventDate "2012.01.01"]
[EventType "swiss"]
[EventRounds "7"]
[EventCountry "SUI"]
[SourceTitle "CBM 146 Extra"]
[Source "ChessBase"]
[SourceDate "2012.02.29"]
[SourceVersion "1"]
[SourceVersionDate "2012.02.29"]
[SourceQuality "1"]

1. c4 e6 2. Nc3 d5 3. d4 Nf6 4. cxd5 exd5 5. Bg5 Be7 6. e3 c6 7. Qc2 0-0 8. Bd3 Nbd7 9. Nge2 Re8 10. 0-0 Nf8 11. Rab1 Nh5 12. Bxe7 Qxe7 13. b4 Qg5 14. b5 Ng6 15. bxc6 bxc6 16. Na4 Nh4 17. Ng3 Re6 18. f4 Qh6 19. Qe2 Nf6 20. Nc5 Re7 21. Ba6 Nf5 22. Bxc8 Nxg3 23. hxg3 Rxc8 24. g4 Qh4 25. Rf3 Qxg4 26. Qa6 h5 27. Nd3 Qf5 28. Rc1 Ng4 29. Ne5 Rce8 30. Qxc6 Qe4 31. Re1 Rb8 32. Nd7 Rb2 33. Qc8+ Re8 34. Qc3 Rc2 35. Qb3 Rc6 36. Nc5 Rb6 37. Qxb6 Qxf3 38. gxf3 axb6 39. fxg4 bxc5 40. dxc5 Rc8 41. Rc1 hxg4 42. Kf2 f5 43. Ke2 Kf7 44. Kd3 Ke6 45. Kd4 Ra8 46. c6 Kd6 47. c7 Rc8 48. Rc5 Rxc7 49. Rxd5+ Ke6 50. e4 fxe4 1/2-1/2

[Event "Basel Hilton op 14th"]
[Site "Basel"]
[Date "2012.01.03"]
[Round "4"]
[White "Graeber, Fabien"]
[Black "Dobosz, Henryk"]
[Result "0-1"]
[WhiteElo "2074"]
[BlackElo "2396"]
[PlyCount "70"]
[EventDate "2012.01.01"]
[EventType "swiss"]
[EventRounds "7"]
[EventCountry "SUI"]
[SourceTitle "CBM 146 Extra"]
[Source "ChessBase"]
[SourceDate "2012.02.29"]
[SourceVersion "1"]
[SourceVersionDate "2012.02.29"]
[SourceQuality "1"]

1. c4 e6 2. Nc3 d5 3. d4 Be7 4. cxd5 exd5 5. Bf4 Nf6 6. e3 0-0 7. Bd3 Re8 8. Qc2 Nc6 9. a3 a6 10. Nge2 Be6 11. 0-0 h6 12. Ng3 Bf8 13. Rad1 g5 14. Be5 Nxe5 15. dxe5 Ng4 16. Bc4 c6 17. e4 dxc4 18. Rxd8 Rexd8 19. h4 Rd3 20. Nf5 Nxe5 21. hxg5 hxg5 22. Qe2 g4 23. f4 Bc5+ 24. Kh1 Bxf5 25. exf5 Re3 26. Qd1 Kg7 27. f6+ Kg6 28. g3 Rh8+ 29. Kg2 Rh3 30. Ne2 Nd3 31. Qd2 b5 32. Rh1 Rxh1 33. Kxh1 Kxf6 34. Qc3+ Kf5 35. Qg7 Rxe2 0-1

[Event "Basel Hilton op 14th"]
[Site "Basel"]
[Date "2012.01.02"]
[Round "2"]
[White "Graeber, Fabien"]
[Black "Schmidt Schaeffer, Sebastian"]
[Result "0-1"]
[WhiteElo "2074"]
[BlackElo "2376"]
[PlyCount "90"]
[EventDate "2012.01.01"]
[EventType "swiss"]
[EventRounds "7"]
[EventCountry "SUI"]
[SourceTitle "CBM 146 Extra"]
[Source "ChessBase"]
[SourceDate "2012.02.29"]
[SourceVersion "1"]
[SourceVersionDate "2012.02.29"]
[SourceQuality "1"]

1. c4 f5 2. g3 Nf6 3. Nf3 e6 4. Bg2 Be7 5. 0-0 0-0 6. d3 d5 7. Nbd2 Nc6 8. a3 a5 9. b3 d4 10. Qc2 Bc5 11. Bb2 e5 12. Rfe1 Qd6 13. Nf1 e4 14. N3d2 Ng4 15. f3 exd3 16. Qxd3 Nge5 17. Qb1 Be6 18. h3 f4 19. Ne4 Qe7 20. gxf4 Ng6 21. Nfg3 Nxf4 22. Bc1 Rad8 23. b4 axb4 24. Nxc5 Qxc5 25. axb4 Qg5 26. Bxf4 Rxf4 27. Ne4 Qh6 28. Nf2 Bxc4 29. Ng4 Qd6 30. b5 Ne7 31. Ra4 Bf7 32. Rd1 h5 33. e3 hxg4 34. exf4 gxh3 35. Raxd4 Qb6 36. Qe4 Nf5 37. Qxf5 Rxd4 38. Rxd4 Qxd4+ 39. Kh2 hxg2 40. Qc8+ Kh7 41. Qf5+ Bg6 42. Qh3+ Kg8 43. Qe6+ Kf8 44. Qxg6 g1Q+ 45. Qxg1 Qxf4+ 0-1

[Event "Basel Hilton op 13th"]
[Site "Basel"]
[Date "2011.01.04"]
[Round "6"]
[White "Graeber, Fabien"]
[Black "Milosevic, Goran"]
[Result "0-1"]
[WhiteElo "2086"]
[BlackElo "2357"]
[PlyCount "94"]
[EventDate "2011.01.01"]
[EventType "swiss"]
[EventRounds "7"]
[EventCountry "SUI"]
[SourceTitle "EXT 2012"]
[Source "ChessBase"]
[SourceDate "2011.11.24"]
[SourceVersion "1"]
[SourceVersionDate "2011.11.24"]
[SourceQuality "1"]

1. c4 c5 2. Nf3 Nf6 3. d4 cxd4 4. Nxd4 e6 5. Nc3 a6 6. g3 Qc7 7. e4 d6 8. Qe2 b6 9. Bg2 Bb7 10. 0-0 Nbd7 11. Bd2 Rc8 12. b3 Be7 13. Rac1 0-0 14. Rfd1 Qb8 15. Be3 Rfe8 16. Kh1 Qa8 17. f3 Bf8 18. Bg1 g6 19. Qe3 Qb8 20. Re1 Nh5 21. g4 Nhf6 22. Bf2 Qa8 23. Bg3 e5 24. Nde2 b5 25. g5 Nh5 26. Bh3 Bc6 27. Nd5 bxc4 28. Nec3 cxb3 29. Bxd7 Bxd7 30. Nb6 Qb7 31. Nxc8 b2 32. Rb1 Rxc8 33. Qd2 Qb4 34. Re3 Be7 35. Rxb2 Qc4 36. Qe2 Qe6 37. Qg2 Bxg5 38. Rd3 Bb5 39. Rxb5 axb5 40. Qf1 Bd2 41. Rxd2 Rxc3 42. Kg2 Qf6 43. Rf2 Rc5 44. Rb2 Qg5 45. Qd1 d5 46. exd5 Rxd5 47. Qc2 Rd3 0-1

[Event "Selestat op 17th"]
[Site "Selestat"]
[Date "2010.02.20"]
[Round "5"]
[White "Graeber, Fabien"]
[Black "Riff, Vincent"]
[Result "0-1"]
[WhiteElo "2117"]
[BlackElo "2330"]
[PlyCount "68"]
[EventDate "2010.02.18"]
[EventType "swiss"]
[EventRounds "7"]
[EventCountry "FRA"]
[SourceTitle "EXT 2012"]
[Source "ChessBase"]
[SourceDate "2011.11.24"]
[SourceVersion "1"]
[SourceVersionDate "2011.11.24"]
[SourceQuality "1"]

1. c4 e5 2. Nc3 Nf6 3. Nf3 Nc6 4. e4 Bb4 5. d3 d6 6. Be2 Bxc3+ 7. bxc3 Ne7 8. 0-0 Ng6 9. Ne1 0-0 10. g3 c6 11. Ng2 d5 12. cxd5 cxd5 13. f3 Qc7 14. c4 dxc4 15. dxc4 Bh3 16. Be3 Ne7 17. Qa4 Nc6 18. Rfd1 Rfd8 19. Rac1 Nd7 20. Ne1 Be6 21. c5 Rac8 22. f4 f6 23. Rd6 Bf7 24. Bc4 Nf8 25. Rcd1 Re8 26. f5 Kh8 27. Nc2 Bh5 28. R1d2 Nd4 29. Nxd4 Qxc5 30. Rd5 Qxc4 31. Qxc4 Rxc4 32. Nb5 Bf7 33. Rd8 Kg8 34. Rxe8 Bxe8 0-1

[Event "FRA-chT2 0910"]
[Site "France"]
[Date "2010.01.24"]
[Round "7.5"]
[White "Borni, Jean Bernard"]
[Black "Graeber, Fabien"]
[Result "0-1"]
[WhiteElo "2035"]
[BlackElo "2112"]
[PlyCount "54"]
[EventDate "2009.09.27"]
[EventType "team-tourn"]
[EventRounds "11"]
[EventCountry "FRA"]
[SourceTitle "EXT 2011"]
[Source "ChessBase"]
[SourceDate "2010.11.26"]
[SourceVersion "1"]
[SourceVersionDate "2010.11.26"]
[SourceQuality "1"]

1. e4 e6 2. d4 d5 3. Nc3 Nf6 4. e5 Nfd7 5. f4 c5 6. Nf3 Nc6 7. Be3 Be7 8. Qd2 0-0 9. 0-0-0 c4 10. f5 b5 11. f6 gxf6 12. Bh6 b4 13. Qe1 Kh8 14. Na4 Rg8 15. b3 fxe5 16. dxe5 Qa5 17. Kb1 Ba6 18. Nb2 cxb3 19. axb3 Nc5 20. Qe3 Ne4 21. Na4 Bxf1 22. Rhxf1 Qc7 23. g3 Rac8 24. Ne1 Nxe5 25. Bf4 Bd6 26. Qd4 f6 27. Rc1 Bc5 0-1

[Event "Basel Hilton op 12th"]
[Site "Basel"]
[Date "2010.01.05"]
[Round "7"]
[White "Kamber, Adrian"]
[Black "Graeber, Fabien"]
[Result "0-1"]
[WhiteElo "1991"]
[BlackElo "2112"]
[PlyCount "48"]
[EventDate "2010.01.01"]
[EventType "swiss"]
[EventRounds "7"]
[EventCountry "SUI"]
[SourceTitle "CBM 134 Extra"]
[Source "ChessBase"]
[SourceDate "2010.03.03"]
[SourceVersion "1"]
[SourceVersionDate "2010.03.03"]
[SourceQuality "1"]

1. d4 d5 2. Nf3 Nf6 3. Bf4 e6 4. e3 Be7 5. Bd3 0-0 6. Nbd2 b6 7. 0-0 Bb7 8. Re1 Ne4 9. Rc1 Bd6 10. Bxe4 dxe4 11. Ng5 Bxf4 12. exf4 h6 13. Ndxe4 hxg5 14. Nxg5 Nd7 15. Qd3 Nf6 16. c4 c5 17. Qh3 Qxd4 18. Qh4 Rad8 19. Rc3 Qd1 20. Rce3 Qg4 21. Qxg4 Nxg4 22. Rg3 Nf6 23. h4 Nh5 24. Rg4 f5 0-1

[Event "Basel Hilton op 12th"]
[Site "Basel"]
[Date "2010.01.02"]
[Round "3"]
[White "Hug, Marcel"]
[Black "Graeber, Fabien"]
[Result "1-0"]
[WhiteElo "2304"]
[BlackElo "2112"]
[PlyCount "107"]
[EventDate "2010.01.01"]
[EventType "swiss"]
[EventRounds "7"]
[EventCountry "SUI"]
[SourceTitle "CBM 134 Extra"]
[Source "ChessBase"]
[SourceDate "2010.03.03"]
[SourceVersion "1"]
[SourceVersionDate "2010.03.03"]
[SourceQuality "1"]

1. e4 e6 2. d3 c5 3. Nd2 Nc6 4. Ngf3 g6 5. g3 Bg7 6. Bg2 Nge7 7. 0-0 0-0 8. Re1 d6 9. c3 Bd7 10. Nf1 Rb8 11. h4 b5 12. a3 a5 13. Bg5 b4 14. axb4 axb4 15. Qd2 Re8 16. Bh6 Bh8 17. Ne3 Na5 18. Ra2 Nec6 19. Ng4 e5 20. Ne3 Be6 21. Nd5 Bxd5 22. exd5 Ne7 23. c4 Nf5 24. Bg5 f6 25. g4 Nb3 26. Qd1 Nfd4 27. Nxd4 Nxd4 28. Be3 b3 29. Ra6 Nc2 30. Rf1 Ra8 31. Rc6 Qe7 32. Bc1 Bg7 33. h5 Ra1 34. Qd2 gxh5 35. gxh5 f5 36. Qg5 Nd4 37. Qxe7 Rxe7 38. Rc8+ Kf7 39. Bg5 Rxf1+ 40. Kxf1 Rd7 41. Bh3 Ra7 42. Kg2 h6 43. Be3 e4 44. dxe4 fxe4 45. Bf4 Bf8 46. Rxf8+ Kxf8 47. Bxd6+ Ke8 48. Kg3 Ne2+ 49. Kh2 Ra2 50. Be5 Nd4 51. Kg2 Nf3 52. Bf6 Ra6 53. Be6 Ng5 54. Bxg5 1-0

[Event "FRA-chT2 East 0809"]
[Site "France"]
[Date "2008.12.14"]
[Round "4.3"]
[White "Graeber, Fabien"]
[Black "Paci, Romain"]
[Result "1-0"]
[WhiteElo "2024"]
[BlackElo "1987"]
[PlyCount "57"]
[EventDate "2008.10.19"]
[EventType "team-tourn"]
[EventRounds "11"]
[EventCountry "FRA"]
[SourceTitle "EXT 2010"]
[Source "ChessBase"]
[SourceDate "2010.11.25"]
[SourceVersion "1"]
[SourceVersionDate "2010.11.25"]
[SourceQuality "1"]
[WhiteTeam "Mulhouse III"]
[BlackTeam "Mulhouse IV"]
[WhiteTeamCountry "FRA"]
[BlackTeamCountry "FRA"]

1. c4 g6 2. Nc3 Bg7 3. d4 d6 4. Nf3 Nf6 5. e4 0-0 6. Be2 e5 7. 0-0 Nc6 8. d5 Ne7 9. Ne1 Nd7 10. Nd3 f5 11. Bd2 Nf6 12. f3 f4 13. g4 g5 14. b4 Ng6 15. Be1 Rf7 16. c5 Bf8 17. h3 h5 18. Kg2 Rg7 19. Rg1 Nh4+ 20. Bxh4 gxh4 21. Kh2 hxg4 22. hxg4 Nh7 23. a4 Qg5 24. Nb5 a6 25. Na3 a5 26. bxa5 dxc5 27. Nc4 Bd6 28. Qb3 Kf8 29. Qc3 1-0

[Event "Selestat op 15th"]
[Site "Selestat"]
[Date "2008.02.22"]
[Round "2"]
[White "Haub, Thorsten Michael"]
[Black "Graeber, Fabien"]
[Result "1-0"]
[WhiteElo "2458"]
[BlackElo "2037"]
[PlyCount "77"]
[EventDate "2008.02.21"]
[EventType "swiss"]
[EventRounds "7"]
[EventCountry "FRA"]
[SourceTitle "CBM 122 Extra"]
[Source "ChessBase"]
[SourceDate "2008.03.04"]
[SourceVersion "1"]
[SourceVersionDate "2008.03.04"]
[SourceQuality "1"]

1. Nf3 d5 2. g3 Nf6 3. d3 Bf5 4. Bg2 e6 5. 0-0 Bd6 6. Nbd2 c6 7. Qe1 e5 8. e4 dxe4 9. dxe4 Bc8 10. Nc4 Qe7 11. Bd2 Nbd7 12. Nh4 Nb6 13. Nxd6+ Qxd6 14. Rd1 Qe7 15. f4 Bg4 16. fxe5 Nfd7 17. Nf5 Bxf5 18. exf5 Nxe5 19. Bb4 c5 20. Bc3 f6 21. Bxe5 fxe5 22. Bd5 c4 23. Be6 Qc5+ 24. Kg2 Ke7 25. Qe4 Qc6 26. Bd5 Nxd5 27. Qxe5+ Kf7 28. Qxd5+ Qxd5+ 29. Rxd5 Rhe8 30. Rd7+ Re7 31. Rfd1 Rae8 32. Kf3 Kf6 33. Rxe7 Rxe7 34. g4 Kg5 35. h4+ Kxh4 36. Kf4 Kh3 37. Rh1+ Kg2 38. Rxh7 g5+ 39. fxg6 1-0

[Event "FRA-chT3 Gr14 0607"]
[Site "France"]
[Date "2007.01.21"]
[Round "5.6"]
[White "Griggio, Laurent"]
[Black "Graeber, Fabien"]
[Result "0-1"]
[WhiteElo "1880"]
[BlackElo "2040"]
[PlyCount "59"]
[EventDate "2006.10.15"]
[EventType "team"]
[EventRounds "9"]
[EventCountry "FRA"]
[SourceTitle "EXT 2008"]
[Source "ChessBase"]
[SourceDate "2007.11.25"]
[SourceVersion "1"]
[SourceVersionDate "2007.11.25"]
[SourceQuality "1"]

1. d4 Nf6 2. Nf3 e6 3. c4 b6 4. a3 Bb7 5. e3 Be7 6. Nc3 0-0 7. Bd3 d5 8. 0-0 Nbd7 9. b4 c5 10. dxc5 bxc5 11. b5 Nb6 12. Qe2 Ne4 13. Bb2 f5 14. a4 Bf6 15. Rfc1 Rc8 16. Nd2 Nxd2 17. Qxd2 dxc4 18. a5 Na8 19. Na4 Bxb2 20. Nxb2 cxd3 21. Qxd3 Qg5 22. Qf1 f4 23. exf4 Rxf4 24. Rc3 Rcf8 25. Nd1 Nc7 26. a6 Ba8 27. Rg3 Rg4 28. Qe2 Rxg3 29. hxg3 Rd8 30. Nc3 0-1